[Event "New West Fall op"]
[Site "New Westminster CAN"]
[Date "2019.10.14"]
[Round "5.5"]
[White "Yang, Brian"]
[Black "He, Matthew"]
[Result "1/2-1/2"]
[WhiteElo "1959"]
[BlackElo "1731"]
[PlyCount "48"]
[EventDate "2019.10.12"]
[EventType "swiss"]
[EventRounds "6"]
[EventCountry "CAN"]

1. e4 c6 2. d4 d5 3. e5 Bf5 4. h4 h6 5. g4 Bg6 6. h5 Bh7 7. e6 fxe6 8. Bd3 Nf6
9. Nc3 Qc7 10. Nf3 Nbd7 11. Bxh7 Nxh7 12. Qe2 e5 13. Nxe5 Nxe5 14. dxe5 e6 15.
f4 O-O-O 16. Bd2 Bb4 17. O-O-O Nf8 18. Rhf1 Re8 19. Na4 Qa5 20. Bxb4 Qxb4 21.
Nc3 Nd7 22. a3 Qe7 23. Rde1 Rhg8 24. Rh1 Kb8 1/2-1/2

[Event "New West Fall op"]
[Site "New Westminster CAN"]
[Date "2019.10.14"]
[Round "5.6"]
[White "Jiang, Kate"]
[Black "Shinn, Jungmin"]
[Result "0-1"]
[WhiteElo "2034"]
[BlackElo "1922"]
[PlyCount "158"]
[EventDate "2019.10.12"]
[EventType "swiss"]
[EventRounds "6"]
[EventCountry "CAN"]

1. e4 e6 2. d4 d5 3. exd5 exd5 4. Nf3 Bd6 5. c4 Nf6 6. Nc3 O-O 7. c5 Be7 8. Be2
b6 9. cxb6 axb6 10. O-O Be6 11. Bf4 c5 12. Rc1 Ne4 13. a3 Nxc3 14. Rxc3 c4 15.
Rc1 Bd6 16. Bxd6 Qxd6 17. Ne1 Nc6 18. Nc2 Rfc8 19. Bg4 Re8 20. Re1 Rad8 21. Re3
Re7 22. h3 f5 23. Bf3 Rde8 24. Rb1 f4 25. Re1 Bf5 26. Rxe7 Rxe7 27. Rc1 Kf8 28.
Qd2 g6 29. Qc3 Be4 30. Bxe4 Rxe4 31. Kf1 Kf7 32. Rd1 g5 33. Qf3 Kg6 34. h4 h5
35. hxg5 Kxg5 36. Qc3 Qf6 37. a4 Kh6 38. Kg1 Re8 39. Qf3 Re4 40. Qc3 Kg7 41.
Kh1 Qg6 42. b3 Re2 43. Na3 Rxf2 44. Rg1 Qd3 45. Qxd3 cxd3 46. Rd1 Nb4 47. Nb1
Rb2 48. Nd2 Nc2 49. Rb1 Rxb1+ 50. Nxb1 Nxd4 51. b4 Nc6 52. a5 bxa5 53. bxa5
Nxa5 54. Kg1 Kf6 55. Kf2 Ke5 56. Ke1 Nc4 57. Nc3 Kd4 58. Nd1 Ne3 59. Nf2 Nxg2+
60. Kd2 Ne3 61. Nxd3 Nc4+ 62. Kc2 Ke3 63. Kc3 Nd2 64. Kc2 h4 65. Kc3 h3 66. Ne5
Nf1 67. Ng4+ Kf3 68. Ne5+ Kg3 69. Kd4 h2 70. Kxd5 h1=Q+ 71. Kd6 Ne3 72. Kd7 f3
73. Ke6 f2 74. Ng6 Qh6 75. Ke7 Qxg6 76. Kd8 Qf7 77. Kc8 f1=R 78. Kb8 Rh1 79.
Ka8 Rh8# 0-1

[Event "New West Fall op"]
[Site "New Westminster CAN"]
[Date "2019.10.14"]
[Round "5.7"]
[White "Su, Ethan"]
[Black "Zhang, Andy"]
[Result "0-1"]
[WhiteElo "1902"]
[BlackElo "1687"]
[PlyCount "104"]
[EventDate "2019.10.12"]
[EventType "swiss"]
[EventRounds "6"]
[EventCountry "CAN"]

1. e4 c5 2. Nf3 d6 3. Bb5+ Bd7 4. Bxd7+ Qxd7 5. O-O Nc6 6. d4 cxd4 7. Nxd4 Nf6
8. Re1 g6 9. c4 Bg7 10. f3 Rc8 11. Be3 a6 12. Nc3 Nxd4 13. Qxd4 Qc6 14. Nd5 Qc5
15. Nxf6+ Bxf6 16. Qxf6 exf6 17. Bxc5 dxc5 18. Rad1 Ke7 19. Rd5 Rhd8 20. Red1
Rxd5 21. Rxd5 Rd8 22. g4 Rxd5 23. exd5 Kd6 24. f4 b6 25. Kf2 Ke7 26. Kf3 Kd6
27. Ke4 Ke7 28. a3 Kd6 29. Kd3 Kc7 30. Kc3 Kd6 31. b4 b5 32. Kd3 h6 33. h3 f5
34. gxf5 g5 35. fxg5 hxg5 36. f6 cxb4 37. axb4 Ke5 38. d6 bxc4+ 39. Kxc4 Kxd6
40. Kd4 Ke6 41. Kc5 Kxf6 42. Kb6 Ke6 43. Kxa6 f5 44. b5 f4 45. b6 f3 46. b7 f2
47. b8=Q f1=Q+ 48. Qb5 Qxb5+ 49. Kxb5 Ke5 50. Kc4 Kf4 51. h4 gxh4 52. Kd3 h3
0-1

[Event "New West Fall op"]
[Site "New Westminster CAN"]
[Date "2019.10.14"]
[Round "5.8"]
[White "Yang, Jingyun (Ryan)"]
[Black "Huang, Ryan"]
[Result "0-1"]
[WhiteElo "1784"]
[BlackElo "2002"]
[PlyCount "66"]
[EventDate "2019.10.12"]
[EventType "swiss"]
[EventRounds "6"]
[EventCountry "CAN"]

1. e4 c5 2. Nf3 Nc6 3. d4 cxd4 4. Nxd4 g6 5. Nxc6 bxc6 6. Nc3 Bg7 7. Be3 d6 8.
Bc4 Nf6 9. Bb3 O-O 10. h3 Qa5 11. O-O Qb4 12. Qd3 a5 13. a4 Ba6 14. Qd4 Bxf1
15. Rxf1 Ng4 16. Qxb4 axb4 17. hxg4 bxc3 18. bxc3 Bxc3 19. Rb1 Rfb8 20. Rd1 Rb4
21. Rd3 Be5 22. f3 c5 23. Bd2 Rd4 24. Kf1 Rxd3 25. cxd3 Rb8 26. Bc4 Rb2 27. Bg5
Kf8 28. a5 Ke8 29. a6 e6 30. Bh4 Kd7 31. Be1 Kc6 32. Ba5 Rb1+ 33. Ke2 Ra1 {
Time.} 0-1

[Event "New West Fall op"]
[Site "New Westminster CAN"]
[Date "2019.10.14"]
[Round "5.9"]
[White "Escandor, Manuel Omana"]
[Black "Petrov, Ivan"]
[Result "0-1"]
[WhiteElo "1763"]
[BlackElo "1838"]
[PlyCount "112"]
[EventDate "2019.10.12"]
[EventType "swiss"]
[EventRounds "6"]
[EventCountry "CAN"]

1. d4 d5 2. Bf4 Nf6 3. Nf3 Bf5 4. e3 e6 5. Nbd2 c6 6. Be2 Qb6 7. O-O Nbd7 8.
Qc1 h6 9. c4 Nh5 10. c5 Nxf4 11. exf4 Qc7 12. Ne5 Be7 13. b4 O-O 14. Ndf3 Nxe5
15. fxe5 b6 16. Qc3 bxc5 17. bxc5 a5 18. Bd3 Bg4 19. Bc2 f5 20. Rab1 Rfb8 21.
Ba4 Rb7 22. Rfc1 Bg5 23. Nd2 Rb4 24. Bd1 Bxd1 25. Rxd1 Bxd2 26. Qxd2 Rab8 27.
Rxb4 Rxb4 28. Qe2 Qb7 29. h3 g6 30. g4 Rb2 31. Rd2 Rb1+ 32. Kg2 Qb5 33. Qxb5
Rxb5 34. gxf5 gxf5 35. Kg3 Kf7 36. Kh4 Kg6 37. f4 Rb4 38. Rg2+ Kf7 39. Kh5 Rxd4
40. Kxh6 Rxf4 41. Rg7+ Kf8 42. Kg6 Rc4 43. Kf6 Rxc5 44. h4 Rc4 45. Ra7 Kg8 46.
h5 Rh4 47. Kxe6 Rxh5 48. Kd6 f4 49. e6 d4 50. Kxc6 Re5 51. Kd6 Re1 52. Rxa5 d3
53. Rd5 Re3 54. e7 f3 55. e8=Q+ Rxe8 56. Rxd3 Rd8+ 0-1

[Event "New West Fall op"]
[Site "New Westminster CAN"]
[Date "2019.10.14"]
[Round "5.10"]
[White "Song, Ethan"]
[Black "Gu, Chuyang"]
[Result "1/2-1/2"]
[WhiteElo "1633"]
[BlackElo "1806"]
[PlyCount "105"]
[EventDate "2019.10.12"]
[EventType "swiss"]
[EventRounds "6"]
[EventCountry "CAN"]

1. e4 c5 2. Nf3 d6 3. d4 cxd4 4. Nxd4 Nf6 5. Nc3 g6 6. f3 Bg7 7. Be3 O-O 8. Qd2
Nc6 9. Bc4 Bd7 10. O-O-O Rc8 11. Bb3 Ne5 12. g4 Nc4 13. Bxc4 Rxc4 14. h4 Qa5
15. h5 Rfc8 16. Kb1 Be6 17. Nxe6 fxe6 18. hxg6 hxg6 19. Bh6 Bh8 20. e5 Rxc3 21.
bxc3 Nd5 22. Qd3 Nxc3+ 23. Kb2 Nxd1+ 24. Kc1 Kf7 25. Bg5 Qxe5 26. Rh7+ Bg7 27.
Bh6 Rg8 28. Kxd1 Qd5 29. Ke2 Qxd3+ 30. Kxd3 Kf8 31. g5 Bxh6 32. gxh6 g5 33. Ke3
Ke8 34. Kf2 g4 35. fxg4 Rxg4 36. Rh8+ Kf7 37. Ra8 Rh4 38. Kg3 Rxh6 39. Rxa7 b5
40. Ra5 Rg6+ 41. Kf4 Rg2 42. c3 Rc2 43. Rxb5 Rxc3 44. Rb4 Ra3 45. Rb2 e5+ 46.
Kf5 e6+ 47. Kg5 e4 48. Rb7+ Ke8 49. Kf6 e5 50. Ke6 Kf8 51. Kxd6 e3 52. Rb1 e2
53. Re1 1/2-1/2

[Event "New West Fall op"]
[Site "New Westminster CAN"]
[Date "2019.10.14"]
[Round "6.1"]
[White "Shinn, Jungmin"]
[Black "Gorovets, Andrey"]
[Result "0-1"]
[WhiteElo "1922"]
[BlackElo "2526"]
[PlyCount "112"]
[EventDate "2019.10.12"]
[EventType "swiss"]
[EventRounds "6"]
[EventCountry "CAN"]

1. Nf3 e6 2. e4 c5 3. Nc3 a6 4. d4 cxd4 5. Nxd4 b5 6. Bd3 Ne7 7. Bg5 h6 8. Bh4
Qb6 9. Nb3 Ng6 10. Bg3 Nc6 11. a4 b4 12. a5 Qd8 13. Nb1 h5 14. h3 h4 15. Bh2
Qf6 16. Ra2 Nf4 17. Bxf4 Qxf4 18. Qg4 g5 19. Qxf4 gxf4 20. N1d2 Rg8 21. O-O Bb7
22. Nf3 Be7 23. Rc1 Bf6 24. Nc5 Bc8 25. Na4 Rb8 26. b3 Nd4 27. Nh2 Rg5 28. Nb2
Bb7 29. Nc4 Be7 30. f3 Bc5 31. Kh1 Ke7 32. Ng4 d6 33. Re1 Nb5 34. Raa1 Nc3 35.
e5 dxe5 36. Rxe5 Rxe5 37. Ncxe5 Rg8 38. Re1 Rg7 39. Bc4 Nd5 40. Nd3 Bd6 41.
Bxd5 Bxd5 42. Ngf2 f5 43. Nd1 Kf6 44. N1b2 Rc7 45. Re2 e5 46. Rd2 e4 47. Ne1
Ke6 48. Na4 Bc5 49. c4 bxc3 50. Nxc3 Bb7 51. Ne2 Ke5 52. Nc2 exf3 53. gxf3 Be3
54. Nxe3 fxe3 55. Rb2 Bxf3+ 56. Kh2 Bxe2 0-1

[Event "New West Fall op"]
[Site "New Westminster CAN"]
[Date "2019.10.14"]
[Round "6.2"]
[White "Moura, Eduardo"]
[Black "Zhang, Andy"]
[Result "1-0"]
[WhiteElo "2066"]
[BlackElo "1687"]
[PlyCount "49"]
[EventDate "2019.10.12"]
[EventType "swiss"]
[EventRounds "6"]
[EventCountry "CAN"]

1. e4 c5 2. d4 cxd4 3. c3 dxc3 4. Nxc3 Nc6 5. Nf3 d6 6. Bc4 Nf6 7. e5 dxe5 8.
Qxd8+ Nxd8 9. Nb5 Rb8 10. Nxe5 e6 11. Bf4 Bb4+ 12. Ke2 Nh5 13. Be3 a6 14. Ba7
axb5 15. Bxb5+ Ke7 16. Bxb8 Nf4+ 17. Kf3 Nd5 18. Rac1 Nb6 19. Ba7 Nd7 20. Nxd7
Bxd7 21. Bxd7 Kxd7 22. Rhd1+ Ke7 23. Rc7+ Kf6 24. Rc8 Ba5 25. b4 1-0

[Event "New West Fall op"]
[Site "New Westminster CAN"]
[Date "2019.10.14"]
[Round "6.3"]
[White "Amerkeshev, Madiyar"]
[Black "Roback, Joe"]
[Result "1-0"]
[WhiteElo "2066"]
[BlackElo "1986"]
[PlyCount "51"]
[EventDate "2019.10.12"]
[EventType "swiss"]
[EventRounds "6"]
[EventCountry "CAN"]

1. d4 d5 2. c4 c6 3. Nc3 Nf6 4. cxd5 cxd5 5. Bf4 Nc6 6. e3 a6 7. Bd3 Bg4 8. Qb3
Na5 9. Qa4+ b5 10. Qc2 Rc8 11. f3 Bh5 12. Nge2 e6 13. O-O Bg6 14. Rfc1 Be7 15.
Bxg6 hxg6 16. Qd3 O-O 17. Rc2 Qb6 18. Rac1 Rc6 19. e4 dxe4 20. fxe4 Rd8 21. Kh1
Nh5 22. Be3 Nc4 23. Bg1 Qb8 24. Qf3 Nf6 25. e5 Nd5 26. Nxd5 1-0

[Event "New West Fall op"]
[Site "New Westminster CAN"]
[Date "2019.10.14"]
[Round "6.4"]
[White "He, Matthew"]
[Black "Huang, Ryan"]
[Result "1/2-1/2"]
[WhiteElo "1731"]
[BlackElo "2002"]
[PlyCount "96"]
[EventDate "2019.10.12"]
[EventType "swiss"]
[EventRounds "6"]
[EventCountry "CAN"]

1. d4 Nf6 2. Bf4 c5 3. e3 Qb6 4. Nc3 Qxb2 5. Nb5 Nd5 6. Rb1 Qxa2 7. Ra1 Qb2 8.
Rb1 Qa2 9. Ra1 Qb2 10. Rb1 Qa2 11. Ra1 Qb2 12. Rb1 Qa2 13. Ra1 Qb2 14. Rb1 Qa2
15. Ra1 Qb2 16. Rb1 Qa2 17. Ra1 Qb2 18. Rb1 Qa2 19. Ra1 Qb2 20. Rb1 Qa2 21. Ra1
Qb2 22. Rb1 Qa2 23. Ra1 Qb2 24. Rb1 Qa2 25. Ra1 Qb2 26. Rb1 Qa2 27. Ra1 Qb2 28.
Rb1 Qa2 29. Ra1 Qb2 30. Rb1 Qa2 31. Ra1 Qb2 32. Rb1 Qa2 33. Ra1 Qb2 34. Rb1 Qa2
35. Ra1 Qb2 36. Rb1 Qa2 37. Ra1 Qb2 38. Rb1 Qa2 39. Ra1 Qb2 40. Rb1 Qa2 41. Ra1
Qb2 42. Rb1 Qa2 43. Ra1 Qb2 44. Rb1 Qa2 45. Ra1 Qb2 46. Rb1 Qa2 47. Ra1 Qb2 48.
Rb1 Qa2 1/2-1/2

[Event "New West Fall op"]
[Site "New Westminster CAN"]
[Date "2019.10.14"]
[Round "6.5"]
[White "Petrov, Ivan"]
[Black "Yang, Brian"]
[Result "1/2-1/2"]
[WhiteElo "1838"]
[BlackElo "1959"]
[PlyCount "96"]
[EventDate "2019.10.12"]
[EventType "swiss"]
[EventRounds "6"]
[EventCountry "CAN"]

1. Nf3 c5 2. c4 Nc6 3. d4 cxd4 4. Nxd4 Nf6 5. g3 e5 6. Nb5 Bb4+ 7. Bd2 a6 8.
Bxb4 axb5 9. Bd6 Ne4 10. c5 Qf6 11. f3 Nxd6 12. Qxd6 Qxd6 13. cxd6 Nd4 14. Na3
b4 15. e3 Nxf3+ 16. Kf2 bxa3 17. Kxf3 axb2 18. Rb1 Rxa2 19. Bc4 Ra4 20. Bb3 Rb4
21. Rxb2 O-O 22. Rhb1 g6 23. Bd5 Rxb2 24. Rxb2 Kg7 25. Ke4 f6 26. Rb6 h5 27. h4
Re8 28. Kd3 f5 29. Kc4 Kf6 30. Kd3 Rf8 31. e4 f4 32. Ke2 g5 33. hxg5+ Kxg5 34.
Kf3 fxg3+ 35. Kxg3 h4+ 36. Kh3 Rf3+ 37. Kg2 Kg4 38. Rb2 b6 39. Rxb6 h3+ 40. Kh2
Rf2+ 41. Kg1 Kg3 42. Rb3+ Rf3 43. Rxf3+ Kxf3 44. Kh2 Ba6 45. Bc6 Bc8 46. Bd5
Kg4 47. Ba8 Ba6 48. Bc6 Bc8 1/2-1/2

[Event "New West Fall op"]
[Site "New Westminster CAN"]
[Date "2019.10.14"]
[Round "6.6"]
[White "Gu, Chuyang"]
[Black "Erichsen, Dan"]
[Result "1/2-1/2"]
[WhiteElo "1806"]
[BlackElo "2052"]
[PlyCount "61"]
[EventDate "2019.10.12"]
[EventType "swiss"]
[EventRounds "6"]
[EventCountry "CAN"]

1. e4 e5 2. Nf3 Nc6 3. Bb5 a6 4. Ba4 Nf6 5. O-O b5 6. Bb3 Be7 7. Re1 d6 8. c3
O-O 9. h3 Na5 10. Bc2 c5 11. d4 Nd7 12. Nbd2 Qc7 13. Nf1 Nb6 14. Ne3 Nc6 15. d5
Nd8 16. Nd2 a5 17. c4 b4 18. a4 Bg5 19. Ndf1 f6 20. b3 g6 21. Ng3 Qg7 22. Nef1
Bxc1 23. Qxc1 Ra7 24. f3 Nf7 25. Nh2 Bd7 26. Qd2 Nc8 27. Rf1 Ne7 28. f4 exf4
29. Rxf4 Ne5 30. Raf1 Kh8 31. R4f2 1/2-1/2

[Event "New West Fall op"]
[Site "New Westminster CAN"]
[Date "2019.10.14"]
[Round "6.7"]
[White "Zheng, Victor"]
[Black "Song, Ethan"]
[Result "1/2-1/2"]
[WhiteElo "1979"]
[BlackElo "1633"]
[PlyCount "233"]
[EventDate "2019.10.12"]
[EventType "swiss"]
[EventRounds "6"]
[EventCountry "CAN"]

1. Nf3 d5 2. g3 Nf6 3. Bg2 Bf5 4. O-O e6 5. d3 Bd6 6. Nbd2 Nbd7 7. Re1 e5 8. c4
c6 9. e4 dxe4 10. dxe4 Bg4 11. Qc2 O-O 12. Rb1 Qe7 13. a3 a5 14. Nf1 g6 15. Ne3
Bxf3 16. Bxf3 Nc5 17. Ng4 Ne6 18. Qc3 Nxg4 19. Bxg4 Nd4 20. b4 axb4 21. axb4 c5
22. bxc5 Bxc5 23. Kg2 Ra2 24. Be3 Rfa8 25. Rb2 R2a3 26. Qd2 Rd8 27. Qc1 b6 28.
Bxd4 Bxd4 29. Rb5 Rc3 30. Qb1 Rxc4 31. Rc1 Qc7 32. Rxc4 Qxc4 33. Rb4 Qc5 34.
Rb5 Qc3 35. Rb3 Qd2 36. Qf1 Ra8 37. Rf3 Qc2 38. Qb5 Qc7 39. Bd7 Ra5 40. Qc6
Qxc6 41. Bxc6 Kg7 42. Bd5 f6 43. Rd3 Rc5 44. Rd2 b5 45. Kf1 Kf8 46. Ke2 Ke7 47.
Ra2 Rc7 48. f3 Rc3 49. f4 b4 50. Kd2 Rf3 51. fxe5 fxe5 52. Kc2 Kf6 53. Ra6+ Kg7
54. Rc6 Kh6 55. Rc7 Bc5 56. Bg8 Kg5 57. Rxh7 Bd4 58. Be6 Rc3+ 59. Kb1 Ra3 60.
h4+ Kf6 61. Bd5 g5 62. hxg5+ Kxg5 63. Rg7+ Kf6 64. Rb7 Bc5 65. g4 Kg5 66. Rb5
Rc3 67. Rb7 Kxg4 68. Rb5 Kf3 69. Ka2 Ke2 70. Kb1 Kd2 71. Rb7 Ra3 72. Ba2 Rf3
73. Bd5 Ra3 74. Ba2 Kd3 75. Rb5 Bd4 76. Rxb4 Kxe4 77. Bc4 Kf4 78. Bd5 Ra7 79.
Kc2 Ke3 80. Rb3+ Ke2 81. Rh3 Rc7+ 82. Kb3 Be3 83. Be4 Rf7 84. Kc4 Rd7 85. Rh5
Rd4+ 86. Kc5 Rxe4+ 87. Kd5 Ra4 88. Rxe5 Kd3 89. Re6 Ra5+ 90. Kc6 Bh6 91. Kb6
Rh5 92. Kc6 Kc4 93. Re4+ Kd3 94. Ra4 Be3 95. Rg4 Bd4 96. Rg3+ Kc4 97. Rg4 Rh6+
98. Kb7 Rh5 99. Kc6 Rh6+ 100. Kb7 Kd5 101. Rg5+ Be5 102. Rf5 Rh7+ 103. Ka8 Ke6
104. Rf1 Bd6 105. Ra1 Kd5 106. Ra7 Rh8+ 107. Kb7 Rb8+ 108. Ka6 Kc6 109. Rh7 Rb3
110. Rh5 Rb8 111. Rh7 Rd8 112. Rg7 Re8 113. Rh7 Re4 114. Rh5 Re3 115. Rg5 Be5
116. Rg6+ Bd6 117. Rg5 1/2-1/2

[Event "New West Fall op"]
[Site "New Westminster CAN"]
[Date "2019.10.14"]
[Round "6.8"]
[White "Wu, Nathan"]
[Black "Su, Ethan"]
[Result "1/2-1/2"]
[WhiteElo "1691"]
[BlackElo "1902"]
[PlyCount "136"]
[EventDate "2019.10.12"]
[EventType "swiss"]
[EventRounds "6"]
[EventCountry "CAN"]

1. d4 e6 2. Bf4 b6 3. e3 Bb7 4. Nf3 d6 5. Bd3 Nf6 6. O-O c5 7. c3 Be7 8. h3
Nbd7 9. Nbd2 a6 10. a4 h6 11. Bh2 O-O 12. Be2 cxd4 13. cxd4 Rc8 14. Nc4 Bxf3
15. gxf3 Ne8 16. Qd2 d5 17. Ne5 Nxe5 18. Bxe5 Bd6 19. Bxd6 Nxd6 20. Bxa6 Ra8
21. Be2 f5 22. b4 f4 23. a5 bxa5 24. bxa5 Nf5 25. exf4 Qf6 26. Rad1 Nh4 27. Kh2
Ng6 28. Rg1 Nxf4 29. Rg3 Nh5 30. Rg4 Nf4 31. Rg3 h5 32. Rdg1 Ra7 33. a6 Rff7
34. Bd3 h4 35. Rg4 Nxd3 36. Qxd3 Qxf3 37. Qxf3 Rxf3 38. R1g2 Rff7 39. Rxh4 Rxa6
40. Rhg4 Ra2 41. Kg1 Ra3 42. R4g3 Ra1+ 43. Kh2 Re1 44. Re3 Rxe3 45. fxe3 Rf3
46. Rg3 Rf2+ 47. Rg2 Rf1 48. Kg3 Kf7 49. Ra2 Kg6 50. Kg4 Rg1+ 51. Kf4 Kf6 52.
h4 Rf1+ 53. Kg4 Rg1+ 54. Kf4 Rf1+ 55. Kg4 Rb1 56. Ra6 Rg1+ 57. Kf4 Rf1+ 58. Kg4
Rg1+ 59. Kf4 Rf1+ 60. Kg4 Re1 61. Kf4 Rh1 62. Kg4 g6 63. Rb6 Rg1+ 64. Kf4 Rf1+
65. Kg4 Rg1+ 66. Kf4 Rf1+ 67. Kg4 Rf5 68. Rb8 Kf7 1/2-1/2

[Event "New West Fall op"]
[Site "New Westminster CAN"]
[Date "2019.10.14"]
[Round "6.9"]
[White "Jiang, Kate"]
[Black "Escandor, Manuel Omana"]
[Result "0-1"]
[WhiteElo "2034"]
[BlackElo "1763"]
[PlyCount "84"]
[EventDate "2019.10.12"]
[EventType "swiss"]
[EventRounds "6"]
[EventCountry "CAN"]

1. e4 e6 2. d4 d5 3. exd5 exd5 4. Nf3 Bf5 5. Be2 Nf6 6. O-O Bd6 7. Re1 O-O 8.
Bg5 Nbd7 9. Nc3 c6 10. Bd3 Bxd3 11. Qxd3 Qc7 12. Re2 Rfe8 13. Rae1 Rxe2 14.
Rxe2 b5 15. Bh4 Qa5 16. a3 b4 17. axb4 Bxb4 18. Nd1 Ne4 19. c3 Bd6 20. Bg3 Qc7
21. Ne3 Nxg3 22. hxg3 Nf6 23. Nf5 Ne4 24. Nd2 Nf6 25. Nf3 Bf8 26. Ne5 g6 27.
Ne3 Rb8 28. Qc2 Bd6 29. N3g4 Bxe5 30. Nxe5 Ne4 31. Nd3 Qc8 32. Qa4 Rb7 33. Nb4
Rc7 34. Re1 Qf5 35. Re2 Qh5 36. Rc2 Qd1+ 37. Kh2 Nxf2 38. g4 Nxg4+ 39. Kg3 h5
40. Qa5 Qe1+ 41. Kh3 g5 42. Qxc7 Qh4# 0-1

[Event "New West Fall op"]
[Site "New Westminster CAN"]
[Date "2019.10.14"]
[Round "6.10"]
[White "Taylor, Tristan"]
[Black "Cheng, Louis"]
[Result "0-1"]
[WhiteElo "1997"]
[BlackElo "1935"]
[PlyCount "58"]
[EventDate "2019.10.12"]
[EventType "swiss"]
[EventRounds "6"]
[EventCountry "CAN"]

1. e4 Nf6 2. e5 Nd5 3. d4 d6 4. exd6 exd6 5. Nf3 Be7 6. Be2 O-O 7. O-O Re8 8.
c4 Nb6 9. Nc3 Bf5 10. Be3 N8d7 11. b3 c6 12. Rc1 d5 13. c5 Nc8 14. b4 b5 15.
cxb6 Ncxb6 16. Qb3 a5 17. a3 axb4 18. axb4 Bd6 19. b5 c5 20. Nxd5 Be6 21. dxc5
Bxd5 22. Qd1 Rxe3 23. cxb6 Rxe2 24. Qxe2 Nxb6 25. Rfd1 Bf4 26. Rc3 Qf6 27. Qd3
Re8 28. Rc5 Bxf3 29. Qxf3 Qe7 0-1

[Event "New West Summer op"]
[Site "New Westminster"]
[Date "2019.08.03"]
[Round "1.1"]
[White "Pechisker, Alfred"]
[Black "Taylor, Tristan"]
[Result "1-0"]
[WhiteElo "2210"]
[BlackElo "2027"]
[PlyCount "75"]
[EventDate "2019.08.03"]
[EventType "swiss"]
[EventRounds "6"]
[EventCountry "CAN"]

1. d4 Nf6 2. c4 e6 3. Nf3 b6 4. a3 Bb7 5. Nc3 Be7 6. d5 exd5 7. cxd5 O-O 8. e4
d6 9. Bc4 Nbd7 10. O-O Nc5 11. Re1 a5 12. Nd4 Nfd7 13. f4 Bf6 14. Be3 Re8 15.
Bf2 Kh8 16. Qf3 Qe7 17. Bb5 Bxd4 18. Bxd4 Nb3 19. Rad1 Nxd4 20. Rxd4 f6 21. Rc4
Rac8 {Draw offered.} 22. Re3 Rf8 23. Ne2 Rg8 24. Nd4 Nc5 25. b4 axb4 26. axb4
Na6 27. Nf5 Qf7 28. Ra3 Ra8 29. Qc3 Rge8 30. Bxe8 Rxe8 31. Qd4 Qh5 32. Rf3 Qf7
33. Rcc3 Qd7 34. Rg3 Qa4 35. Rxg7 Qa1+ 36. Kf2 Qb2+ 37. Kg3 Bxd5 38. Qxf6 1-0

[Event "New West Summer op"]
[Site "New Westminster"]
[Date "2019.08.03"]
[Round "1.2"]
[White "Ferguson, Peter"]
[Black "McLaren, Brian"]
[Result "0-1"]
[WhiteElo "2004"]
[BlackElo "2170"]
[PlyCount "110"]
[EventDate "2019.08.03"]
[EventType "swiss"]
[EventRounds "6"]
[EventCountry "CAN"]

1. e4 Nf6 2. e5 Nd5 3. Nf3 d6 4. Be2 c6 5. O-O Bg4 6. Re1 Bxf3 7. Bxf3 dxe5 8.
Rxe5 e6 9. b3 Be7 10. d4 Bf6 11. Re4 c5 12. c4 Ne7 13. Rf4 Nbc6 14. Rxf6 gxf6
15. dxc5 Qxd1+ 16. Bxd1 O-O-O 17. Bh5 Nd4 18. Nc3 Ng6 19. Ne4 Nf5 20. Bb2 Nf4
21. Bg4 Rhg8 22. Nxf6 Rg6 23. Kf1 Nd4 24. Rd1 Nc6 25. Rxd8+ Kxd8 26. Bf3 Nd3
27. Bc3 Nxc5 28. Nxh7 Nd7 29. b4 Ke8 30. c5 a6 31. a4 e5 32. b5 axb5 33. axb5
Nd4 34. Bxd4 exd4 35. c6 bxc6 36. Bxc6 Rd6 37. Ng5 Ke7 38. Ne4 Rh6 39. Ng3 Rf6
40. h4 Ne5 41. Bd5 Rb6 42. Nf5+ Kf6 43. Nxd4 Rd6 44. f4 Nd7 45. Bxf7 Rxd4 46.
Be8 Rxf4+ 47. Kg1 Ke7 48. g3 Rb4 49. Bg6 Rxb5 50. h5 Kf6 51. Be8 Rd5 52. Kh2
Kg5 53. Kh3 Nf6 54. h6 Rd2 55. h7 Ng4 0-1

[Event "New West Summer op"]
[Site "New Westminster"]
[Date "2019.08.03"]
[Round "1.3"]
[White "Hiebert, Kenji"]
[Black "Zheng, Victor"]
[Result "1/2-1/2"]
[WhiteElo "2139"]
[BlackElo "1976"]
[PlyCount "112"]
[EventDate "2019.08.03"]
[EventType "swiss"]
[EventRounds "6"]
[EventCountry "CAN"]

1. Nf3 Nf6 2. c4 g6 3. Nc3 Bg7 4. e4 d6 5. d4 O-O 6. Be2 e5 7. O-O Nc6 8. dxe5
dxe5 9. Bg5 Be6 10. Nd5 Bxd5 11. cxd5 Ne7 12. Bxf6 Bxf6 13. Qb3 c6 14. dxc6
bxc6 15. Rfd1 Qa5 16. Rd6 Kg7 17. Qe3 Qb4 18. Rd2 c5 19. Rc1 Rfd8 20. Rdc2 Rac8
21. b3 Qa5 22. a4 Qb6 23. Rxc5 Rxc5 24. Rxc5 Rc8 25. Rxc8 Qxe3 26. fxe3 Nxc8
27. Bc4 a5 28. Kf2 Kf8 29. Ke2 Ke7 30. Kd3 Nd6 31. Bd5 Kd7 32. g4 g5 {
Draw offered.} 33. Nd2 Be7 34. Nb1 f6 35. Nc3 h6 36. Bg8 Bd8 37. Nd5 Kc6 38.
Be6 Kc5 39. Bf5 Ne8 40. Be6 Nc7 {Draw offered.} 41. Bg8 Ne8 42. Kc3 Nd6 43. Bh7
Ne8 44. Kb2 Nc7 45. Nc3 Na6 46. Ne2 Be7 47. Nc1 Nb4 48. Bg8 Kc6 49. Kc3 Kc5 50.
Ne2 Na2+ 51. Kb2 Nb4 52. Bc4 Nc6 {Draw offered.} 53. Ng3 Nb4 54. Nf5 Bf8 55.
Bb5 Kb6 56. Kc3 Kc5 1/2-1/2

[Event "New West Summer op"]
[Site "New Westminster"]
[Date "2019.08.03"]
[Round "1.4"]
[White "Amerkeshev, Madiyar"]
[Black "Wu, Howard"]
[Result "1/2-1/2"]
[WhiteElo "1944"]
[BlackElo "2122"]
[PlyCount "106"]
[EventDate "2019.08.03"]
[EventType "swiss"]
[EventRounds "6"]
[EventCountry "CAN"]

1. e4 c5 2. Nf3 d6 3. d4 cxd4 4. Qxd4 Nc6 5. Bb5 Bd7 6. Bxc6 Bxc6 7. Nc3 Nf6 8.
Bg5 e6 9. O-O-O Be7 10. Kb1 O-O 11. Qd3 Qa5 12. h4 Rfe8 13. Nd4 h6 14. f4 Rac8
15. f5 Qe5 16. Nf3 Qc5 17. Be3 Qa5 18. Bd2 Qc7 19. Bf4 e5 20. Bg5 b5 21. Bxf6
Bxf6 22. Rd2 Qb6 23. Qe2 b4 24. Nd5 Bxd5 25. Rxd5 Rc5 26. Rhd1 Rec8 27. Rxc5
Rxc5 28. g4 Qd8 29. Qe3 Qb6 30. g5 Rd5 31. Qe1 Rxd1+ 32. Qxd1 Be7 33. Qe2 hxg5
34. hxg5 Bxg5 35. Qd3 Qf2 36. a3 Be3 37. Qd1 bxa3 38. bxa3 Bc5 39. Qd3 Be3 40.
Qd1 Bf4 41. Qd3 Qe3 42. Kb2 g5 43. fxg6 fxg6 44. Kc3 g5 45. Qxe3 Bxe3 46. Nh2
Kf7 47. Kd3 Bc5 48. a4 Kg6 49. Ke2 Kf6 50. Kd3 Ke6 51. Kc4 Kf6 52. Kd5 Ke7 53.
Ng4 Bg1 1/2-1/2

[Event "New West Summer op"]
[Site "New Westminster"]
[Date "2019.08.03"]
[Round "1.5"]
[White "Doknjas, Neil"]
[Black "Huang, Ryan"]
[Result "0-1"]
[WhiteElo "2102"]
[BlackElo "1933"]
[PlyCount "110"]
[EventDate "2019.08.03"]
[EventType "swiss"]
[EventRounds "6"]
[EventCountry "CAN"]

1. e4 c5 2. Nf3 Nc6 3. d4 cxd4 4. Nxd4 g6 5. Nc3 Bg7 6. Be3 Nf6 7. Nxc6 bxc6 8.
e5 Ng8 9. Bd4 Nh6 10. e6 Bxd4 11. exf7+ Nxf7 12. Qxd4 O-O 13. f4 Qa5 14. O-O-O
d5 15. h4 Bg4 16. Re1 Nd6 17. f5 Bxf5 18. Rxe7 Rf7 19. Rxf7 Nxf7 20. Be2 Qb6
21. Qf4 Re8 22. g4 Be4 23. Rf1 Qb7 24. h5 Re6 25. Qf2 Qe7 26. Nxe4 Rxe4 27.
hxg6 hxg6 28. Kd1 Kg7 29. Rh1 c5 30. Qh2 Qg5 31. c3 d4 32. Qh7+ Kf6 33. Bc4
Qxg4+ 34. Kc1 Ne5 35. Qh8+ Kg5 36. Qh6+ Kf5 37. Qf8+ Kg5 38. Qh6+ Kf5 39. Qf8+
Kg5 40. Qe7+ Kf4 41. Qf6+ Qf5 42. Qh4+ Qg4 43. Qh6+ Qg5 44. Qf8+ Kg3+ 45. Kb1
Qf5 46. Qxf5 gxf5 47. Bd5 Re2 48. b4 dxc3 49. bxc5 c2+ 50. Ka1 Rd2 51. Rg1+ Kf2
52. Rg2+ Ke3 53. Rg3+ Kd4 54. Kb2 Kxd5 55. c6 Kxc6 0-1